000 01208cam3a220027700 4500
001 qcf00188478
005 20190816085058.0
008 750611s1961 sz af b 001 0 fre d
035 _a(Sirsi) r123774
035 _a(QCAT)lss00861647
035 _a(UPRA)qcf00188478
040 _dUPRA
100 1 _aLiprandi, Claude, 1910-
_dLiprandi, Claude, 1910-
_6A91885.1
245 1 0 _aAu coeur du Rouge :
_bl'affaire Lafargue et Le rouge et le noir /
_cClaude Liprandi.
260 _aLausanne :
_bEditions du Grand-Ch^ene,
_c1961.
440 0 _aCollection stendhalienne ;
_v4
_6S13768.1
500 _aLimited to 1000 copies. No. 000429.
500 _aIncludes index.
504 _aBibliography: p. [343]-351.
600 1 0 _aStendhal, 1783-1842. Rouge et le noir -- Sources.
_dStendhal, 1783-1842. Rouge et le noir -- Sources.
_tStendhal, 1783-1842. Rouge et le noir -- Sources.
_xStendhal, 1783-1842. Rouge et le noir -- Sources.
_6S65738.1
600 1 0 _aLafargue, Adrien.
_6S65739.1
600 1 0 _aBerthet, Antoine Marie, 1803-1828.
_dBerthet, Antoine Marie, 1803-1828.
_6S65740.1
740 2 _aL'affaire Lafargue et Le rouge et le noir.
949 _aPQ2435
_wlcc
_i-177947
_mMAIN
_tBOOK
_lON-SHELF
004 123774
999 _c80065
_d80065